000 00873nas a2200301 i#4500
001 2606
003 ES-MaACL
005 20250822100007.0
007 t|
008 950801d18501905fr a|0p | ||re d
022 _a1245-8171
080 _a(059)(44)
080 _a82-7(059)
245 0 0 _aAlmanach pour rire /
_ctexte par Henri Monnier...[et at] ; illustré par Cham.
260 _aParis :
_bPagnerre,
_c1850-[ca 1905]
300 _a1 v. ;
_c19 cm.
310 _aAnual
362 0 _a1re année (1850)-56e année [1905?]
650 0 7 _aSátira
_2embne
_916997
650 0 7 _aHumorismo francés
_2
_9148466
655 0 _aAlmanaques
_9241262
700 1 _aMonnier, Henry.
_982249
700 0 _aCham,
_d1819-1879
_9126439
852 _aES-MaACL
_cDEPOF
_jT-215-F-1-8
866 0 _o1862-67,1869-70.
942 _2udc
_cPERIODICA
_n0
999 _c2606
_d2606